000 00358nam a22001577a 4500
003 MACL
005 20160304125652.0
008 160304b xxu||||| |||| 00| 0 eng d
040 _cMACL
041 _aHindi
082 _a823
100 _aAmish
_935835
245 _aThe Oath Of The Vayuputras
260 _aBangalore
_bWestland
_c2013
942 _2ddc
_cBK
999 _c53458
_d53458